Countries with F1 drivers - Statistics

General Stats
  • This quiz has been taken 144 times
  • The average score is 32 of 41
Answer Stats
Total
Drivers
Country % Correct
53 Germany
99%
164 United Kingdom
96%
32 Brazil
95%
71 France
94%
99 Italy
94%
158 United States
93%
25 Argentina
92%
3 Russia
91%
15 Spain
91%
15 Canada
90%
21 Japan
90%
6 Mexico
90%
17 Australia
89%
1 China
89%
16 Netherlands
88%
16 Austria
87%
11 Sweden
85%
9 Finland
84%
1 Poland
84%
24 Belgium
83%
5 Portugal
82%
5 Monaco
81%
23 South Africa
80%
5 Denmark
79%
24 Switzerland
79%
2 India
77%
9 New Zealand
76%
3 Venezuela
76%
3 Columbia
75%
1 Hungary
74%
5 Ireland
74%
1 Chile
69%
2 Thailand
62%
1 Czech Republic
60%
1 Morocco
60%
1 Indonesia
58%
1 Malaysia
58%
4 Uruguay
49%
1 Liechtenstein
36%
5 Rhodesia
31%
4 East Germany
16%
No matching quizzes found
Score Distribution
Percent of People with Each Score
Percentile by Number Answered
Your Score History
You have not taken this quiz